[Event "EUROPA CUP1----2008"]
[Site "SchemingMind.com"]
[Date "2008.02.12"]
[Round "-"]
[White "SLAINTIE MHATH"]
[Black "MazetaFighter"]
[Result "0-1"]
[WhiteCountry "POL"]
[BlackCountry "GRE"]
[WhiteElo "1653"]
[WhiteRD "49"]
[BlackElo "1920"]
[BlackRD "98"]
[GameID "141593"]

1. Nf3 d5 2. g3 c6 3. d4 Bf5 4. Bg5 Nf6 5. Ne5 Qb6 6. Bc1 e6 7. Bg2 c5 8. c3 Nc6 9. Nxc6 bxc6 10. O-O Bd6
11. e3 O-O 12. Nd2 cxd4 13. cxd4 e5 14. Nf3 e4 15. Nh4 Bd7 16. h3 g5 17. Nf3 exf3 18. Qxf3 Qd8 19. Re1 Re8 20. Qd1 Bf5
21. g4 Bg6 22. e4 Nxe4 23. f3 Bg3 24. fxe4 Bxe1 25. Qxe1 Bxe4 26. Bxe4 Rxe4 27. Qc3 Qf6 28. Bd2 h6 29. Rf1 Qxd4+ 30. Qxd4 Rxd4
31. Bc3 Rd3 32. Kg2 Re8 33. Rf6 Re2+ 34. Kf1 Re6 35. Rxe6 fxe6 36. Kg2 c5 37. b4 Rxc3
0-1

[Event "EUROPA CUP1----2008"]
[Site "SchemingMind.com"]
[Date "2008.02.12"]
[Round "-"]
[White "MazetaFighter"]
[Black "SLAINTIE MHATH"]
[Result "1-0"]
[WhiteCountry "GRE"]
[BlackCountry "POL"]
[WhiteElo "1920"]
[WhiteRD "98"]
[BlackElo "1653"]
[BlackRD "49"]
[GameID "141605"]

1. e4 c6 2. d4 d5 3. Nc3 e6 4. Nf3 dxe4 5. Nxe4 h6 6. Bd3 Nf6 7. Nxf6+ Qxf6 8. O-O Bd6 9. Qe2 b5 10. Re1 Bb7
11. c4 a6 12. Bd2 Nd7 13. Bc3 O-O-O 14. d5 e5 15. dxc6 Bxc6 16. cxb5 Bxf3 17. Qxf3 Qxf3 18. gxf3 axb5 19. Bxb5 f6 20. Ba5 Rde8
21. Rac1+ Bc5 22. Bxd7+ Kxd7 23. Rxc5 Ra8 24. Rd1+ Ke6 25. a3 g5 26. Rcd5 Kf5 27. b4 Rhg8 28. Rd8 h5 29. Rxg8 Rxg8 30. Rd8 Rg7
31. b5 g4 32. b6 Kf4 33. fxg4 Kf3 34. Rd3+ Ke2 35. Rg3 hxg4 36. Rb3 Rb7 37. Bc3 Kd3 38. Bxe5+ Kc2 39. Rb2+ Kc1 40. Bxf6
1-0

[Event "EUROPA CUP1----2008"]
[Site "SchemingMind.com"]
[Date "2008.02.14"]
[Round "-"]
[White "Bury"]
[Black "Peacemaker"]
[Result "0-1"]
[WhiteCountry "POL"]
[BlackCountry "GER"]
[WhiteElo "1561"]
[WhiteRD "90"]
[BlackElo "2244"]
[BlackRD "90"]
[GameID "141910"]

1. e4 c5 2. Bc4 Nc6 3. Nf3 d6 4. Nc3 e5 5. Nd5 Be7 6. d3 Nf6 7. Ng5 Nxd5 8. Nxf7 Kxf7 9. Qh5+ g6 10. Bxd5+ Be6
11. Qf3+ Bf6 12. Bxe6+ Kxe6 13. O-O Kf7 14. c3 Re8 15. Bg5 Qe7 16. Rfe1 Kg7 17. Be3 Bg5 18. Rad1 Bxe3 19. Rxe3 Qf7 20. Qxf7+ Kxf7
21. a3 b5 22. b4 a5 23. bxc5 dxc5 24. Rh3 Kg7 25. Rb1 Reb8 26. Re3 b4 27. d4 bxc3 28. Rc1 cxd4 29. Rf3 c2
0-1

[Event "EUROPA CUP1----2008"]
[Site "SchemingMind.com"]
[Date "2008.02.14"]
[Round "-"]
[White "playhard"]
[Black "Joe Daudish"]
[Result "0-1"]
[WhiteCountry "USA"]
[BlackCountry "USA"]
[WhiteElo "1519"]
[WhiteRD "179"]
[BlackElo "1798"]
[BlackRD "99"]
[GameID "141911"]

1. e4 e6 2. Nf3 d5 3. e5 Ne7 4. d4 Ng6 5. c3 Be7 6. Bd3 c5 7. Qe2 O-O 8. O-O Nc6 9. g3 c4 10. Bxg6 fxg6
11. Na3 Bd7 12. Nb5 a6 13. Nd6 Bxd6 14. exd6 b5 15. Ne5 Qc8 16. Re1 Nxe5 17. dxe5 Rf7 18. Bf4 a5 19. Bg5 b4 20. Rac1 bxc3
21. Rxc3 a4 22. b4 Bb5 23. Qg4 Rf5 24. f4 Qb7 25. Rd1 Qb6+ 26. Kh1 d4 27. Rc2 d3 28. Rc3 Qd4 29. Ra3 Bc6+ 30. Qf3 Bxf3#
0-1

[Event "EUROPA CUP1----2008"]
[Site "SchemingMind.com"]
[Date "2008.02.15"]
[Round "-"]
[White "Peacemaker"]
[Black "Bury"]
[Result "1-0"]
[WhiteCountry "GER"]
[BlackCountry "POL"]
[WhiteElo "2244"]
[WhiteRD "90"]
[BlackElo "1561"]
[BlackRD "90"]
[GameID "141916"]

1. e4 e5 2. Nf3 Nc6 3. Bc4 Nf6 4. d3 Bc5 5. c3 a6 6. O-O O-O 7. d4 Bd6 8. Re1 b5 9. Bd5 exd4 10. Bxc6 dxc6
11. e5 Bxe5 12. Nxe5 Bb7 13. cxd4 Qd5 14. Nc3 Qd6 15. Bg5 Nd5 16. Ne4 Qe6 17. Nc5 Qc8 18. Ned7 Re8 19. Qg4 Ra7 20. Bf6 g6
21. Qg5 Ne7 22. Rxe7 Rxe7 23. Qh6
1-0

[Event "EUROPA CUP1----2008"]
[Site "SchemingMind.com"]
[Date "2008.02.14"]
[Round "-"]
[White "Joe Daudish"]
[Black "playhard"]
[Result "1-0"]
[WhiteCountry "USA"]
[BlackCountry "USA"]
[WhiteElo "1757"]
[WhiteRD "53"]
[BlackElo "1519"]
[BlackRD "144"]
[GameID "141917"]

1. d4 d5 2. Nf3 Nc6 3. Bf4 Nf6 4. h3 b6 5. e3 e6 6. c3 Be7 7. Bd3 O-O 8. O-O Bd6 9. Bxd6 Qxd6 10. Nbd2 e5
11. dxe5 Nxe5 12. Nxe5 Qxe5 13. Nf3 Qe7 14. Re1 Bb7 15. Qc2 Rfe8 16. Rad1 Rad8 17. a3 Ne4 18. Nd2 Qe5 19. Nxe4 dxe4 20. Be2 Bd5
21. c4 Bc6 22. b3 Rd7 23. Rxd7 Bxd7 24. Rd1 Be6 25. a4 a5 26. Rd4 Bf5 27. Rd5 Qa1+ 28. Kh2 g6 29. c5 c6 30. Rd6 Qe5+
31. g3 Rc8 32. Rd4 bxc5 33. Rc4 Qe6 34. Rxc5 Bxh3 35. Rxa5 Bf5 36. Rc5 g5 37. a5 Qh6+ 38. Kg2 Qh3+ 39. Kg1 h5 40. Rxc6 h4
41. Rxc8+ Bxc8 42. Qxe4 hxg3 43. Qg2 g4 44. Qxh3 gxf2+ 45. Kxf2 gxh3 46. Kg3 Kg7 47. a6 Kf6 48. a7 Bb7 49. Kxh3 Ke6 50. Kg3 Kd6
51. Bf3 Kc7 52. Bxb7 Kxb7 53. Kf4 Kxa7 54. Kf5 Kb6 55. Kf6 Kb5 56. Kxf7 Kb4 57. e4 Kxb3 58. e5 Kc4 59. e6 Kd5= 60. e7 Kd6
61. e8=Q Kd5 62. Kf6 Kd6 63. Qd8+ Kc5 64. Qd3 Kc6 65. Ke5 Kc5= 66. Qc3+ Kb6 67. Kd5 Kb5 68. Qb3+ Ka5 69. Kc6 Ka6 70. Qb6#
1-0

[Event "EUROPA CUP1----2008"]
[Site "SchemingMind.com"]
[Date "2008.02.18"]
[Round "-"]
[White "the-best"]
[Black "TONYTODD11"]
[Result "1-0"]
[WhiteCountry "SWE"]
[BlackCountry "ENG"]
[WhiteElo "2224"]
[WhiteRD "171"]
[BlackElo "1588"]
[BlackRD "76"]
[GameID "142491"]

1. e4 d5 2. exd5 Qxd5 3. Nc3 Qa5 4. Nf3 Bg4 5. h3 Qh5 6. Be2 Nf6 7. O-O Bf5 8. Ne5 Qh4 9. d4 e6 10. Nf3 Qh5
11. Bf4 Be4 12. Ng5 Qg6 13. Ngxe4 Nxe4 14. Bd3 Qf6 15. Bxe4 Qxf4 16. g3 Qh6 17. Bxb7 Qxh3 18. Bxa8 h5 19. Re1 Bd6 20. Qd3 h4
21. Qb5+ Ke7 22. Bg2 Qg4 23. Nd5+
1-0

[Event "EUROPA CUP1----2008"]
[Site "SchemingMind.com"]
[Date "2008.02.18"]
[Round "-"]
[White "TONYTODD11"]
[Black "the-best"]
[Result "0-1"]
[WhiteCountry "ENG"]
[BlackCountry "SWE"]
[WhiteElo "1588"]
[WhiteRD "76"]
[BlackElo "2224"]
[BlackRD "171"]
[GameID "142496"]

1. e4 e5 2. f4 exf4 3. Nf3 d6 4. h3 Be7 5. h4 Bg4 6. Be2 Nc6 7. Nc3 Bxf3 8. gxf3 Bxh4+ 9. Kf1 Qg5 10. Rg1 Bg3
11. Nd5 O-O-O 12. b3 Nf6 13. d3 Nxd5 14. exd5 Nd4 15. c3 Qxd5 16. c4 Qh5 17. Qd2 Rde8 18. Rg2 Qh1+ 19. Rg1 Qh3+ 20. Rg2 Nxf3
21. Bxf3 Qh1+ 22. Rg1 Qxf3+
0-1

[Event "EUROPA CUP1----2008"]
[Site "SchemingMind.com"]
[Date "2008.02.20"]
[Round "-"]
[White "Quirine"]
[Black "TRFz"]
[Result "1/2-1/2"]
[WhiteCountry "NED"]
[BlackCountry "GBR"]
[WhiteElo "1887"]
[WhiteRD "81"]
[BlackElo "2083"]
[BlackRD "55"]
[GameID "142727"]

1. d4 Nf6 2. Nf3 g6 3. c4 Bg7 4. Nc3 d5 5. cxd5 Nxd5 6. e4 Nxc3 7. bxc3 c5 8. Bc4 Nc6 9. Be3 O-O 10. h3 Qa5
11. Qd2 cxd4 12. cxd4 Qxd2+ 13. Kxd2 Rd8 14. Kc3 Na5 15. Be2 Be6 16. Rhc1 Rac8+ 17. Kb4 Nc6+ 18. Ka3 Nxd4 19. Rxc8 Bxc8 20. Nxd4 Bxd4
21. Rd1 e5 22. Kb4 b6 23. a3 Kg7 24. Bxd4 exd4=
1/2-1/2

[Event "EUROPA CUP1----2008"]
[Site "SchemingMind.com"]
[Date "2008.02.25"]
[Round "-"]
[White "Chess_Man01"]
[Black "chesshub"]
[Result "1/2-1/2"]
[WhiteCountry "GBR"]
[BlackCountry "FRA"]
[WhiteElo "2283"]
[WhiteRD "55"]
[BlackElo "2384"]
[BlackRD "74"]
[GameID "142728"]

1. e4 e5 2. Nf3 Nc6 3. Bb5 a6 4. Ba4 Nf6 5. O-O Be7 6. Re1 b5 7. Bb3 d6 8. c3 O-O 9. h3 Na5 10. Bc2 c5
11. d4 Qc7 12. Nbd2 cxd4 13. cxd4 Nc6 14. Nb3 a5 15. Be3 a4 16. Nbd2 Bd7 17. Rc1 Qb7 18. Qe2 Rad8 19. Bd3 Rc8 20. Bb1= Rc7
21. d5 Na5 22. Rxc7 Qxc7 23. Bd3 Rb8 24. b4 axb3 25. Nxb3 Nc4 26. Rc1 Ra8 27. Bxc4 bxc4 28. Rxc4 Qb7 29. Nc1 Qa6 30. Rb4 Qxe2
31. Nxe2 Rxa2 32. Rb8+ Bf8 33. Nd2 Rc2 34. f3=
1/2-1/2

[Event "EUROPA CUP1----2008"]
[Site "SchemingMind.com"]
[Date "2008.02.20"]
[Round "-"]
[White "TRFz"]
[Black "Quirine"]
[Result "1-0"]
[WhiteCountry "GBR"]
[BlackCountry "NED"]
[WhiteElo "2083"]
[WhiteRD "55"]
[BlackElo "1887"]
[BlackRD "81"]
[GameID "142733"]

1. d4 Nf6 2. c4 g6 3. Nc3 Bg7 4. e4 d6 5. f3 O-O 6. Be3 e5 7. Nge2 Nc6 8. d5 Ne7 9. Qd2 Nh5 10. g4 Nf4
11. Nxf4 exf4 12. Bxf4 f5 13. gxf5 gxf5 14. Bh6 fxe4 15. Bxg7 Kxg7 16. fxe4 Ng6 17. O-O-O Qh4 18. Be2 Bh3 19. Rhg1 Rae8 20. Qd4+ Re5
21. Qxa7 Qf4+ 22. Kb1 Qxh2 23. Rh1 Qg3 24. Rd3 Qf2 25. Qxf2
1-0

[Event "EUROPA CUP1----2008"]
[Site "SchemingMind.com"]
[Date "2008.02.25"]
[Round "-"]
[White "chesshub"]
[Black "Chess_Man01"]
[Result "1-0"]
[WhiteCountry "FRA"]
[BlackCountry "GBR"]
[WhiteElo "2384"]
[WhiteRD "74"]
[BlackElo "2283"]
[BlackRD "55"]
[GameID "142734"]

1. e4 e5 2. Nf3 Nf6 3. Nxe5 d6 4. Nf3 Nxe4 5. d4 d5 6. Bd3 Bd6 7. O-O O-O 8. c4 c6 9. cxd5 cxd5 10. Nc3 Nxc3=
11. bxc3 Nd7 12. Re1 Nb6 13. Qc2 h6 14. Ne5 Be6 15. Bf4 Rc8= 16. Re3 Nc4= 17. Bxc4 dxc4 18. Qe4 b5 19. Rae1 a5 20. Rg3 Qf6
21. Qe3 Rfe8= 22. Bxh6 Bf8 23. Qc1 Bd5 24. Bg5 Qf5 25. Bd2 Rb8 26. Rg5 Qc8 27. Rh5 Qb7 28. f3 Re6 29. Ng4 Rg6 30. Ree5 Bc6
31. Qe1
1-0

[Event "EUROPA CUP1----2008"]
[Site "SchemingMind.com"]
[Date "2008.02.22"]
[Round "-"]
[White "megapixel"]
[Black "smothered mate"]
[Result "0-1"]
[WhiteCountry "ENG"]
[BlackCountry "POL"]
[WhiteElo "1937"]
[WhiteRD "83"]
[BlackElo "1927"]
[BlackRD "49"]
[GameID "143083"]

1. Nf3 b5 2. d4 Bb7 3. e3 a6 4. a4 c6 5. c4 bxc4 6. Bxc4 d5 7. Bd3 Nf6 8. Nc3 e6 9. Bd2 c5 10. O-O Nc6
11. Ne2 c4 12. Bb1 Bd6 13. Nc3 e5 14. dxe5 Nxe5 15. Nxe5 Bxe5 16. f4 Bc7 17. Ne2 O-O 18. Nd4 Re8 19. Qf3 Ne4 20. Bxe4 dxe4
21. Qg3 Qf6 22. Bc3 Qg6 23. Qxg6 hxg6 24. Rfb1 Rac8 25. h4 Bb8 26. Kf2= Bd5 27. Rd1 Rcd8 28. Rdb1 f6 29. b3 cxb3 30. Nxb3 Rc8
31. Bd2 Rc2 32. Ke1 Ba7 33. Nc1 Bc4 34. Rb7 Rd8 35. Ba5 Bxe3 36. Bxd8 Rxg2 37. Kd1 Rd2+ 38. Ke1 Rxd8
0-1

[Event "EUROPA CUP1----2008"]
[Site "SchemingMind.com"]
[Date "2008.02.22"]
[Round "-"]
[White "smothered mate"]
[Black "megapixel"]
[Result "0-1"]
[WhiteCountry "POL"]
[BlackCountry "ENG"]
[WhiteElo "1913"]
[WhiteRD "52"]
[BlackElo "1947"]
[BlackRD "85"]
[GameID "143089"]

1. e4 c6 2. d4 d5 3. exd5 cxd5 4. c4 Nf6 5. Nc3 Nc6 6. Nf3 Bg4 7. cxd5 Nxd5 8. Be2 e6 9. O-O Bb4 10. Ne4 O-O
11. h3 Bxf3 12. Bxf3 Qb6 13. Be3 Rfd8 14. Rc1 Nxe3 15. fxe3 Nxd4 16. Bh5 Nf5 17. Qg4 Qxe3+ 18. Kh2 Bd6+ 19. g3 g6 20. Rc3 Qb6
21. Qg5 Qxb2+ 22. Kh1 Be7 23. Qf4 Rac8 24. Rcf3 Qg7 25. g4 Nh6 26. g5 Nf5 27. Bg4 Qb2 28. h4 Rc2 29. h5 Rdc8 30. Bxf5 exf5
31. hxg6 fxg6 32. Rb3 Qxa2 33. Rxb7 Qe6 34. Rxe7 Qxe7 35. Nf6+ Kg7 36. Qd4 Qb7+ 37. Nd5+ Kg8 38. Kg1 R8c7 39. Re1 Rc1 40. Nf6+ Kf7
41. Qe3 Qb6
0-1

[Event "EUROPA CUP1----2008"]
[Site "SchemingMind.com"]
[Date "2008.02.24"]
[Round "-"]
[White "Orange Lion"]
[Black "Konan_Kaddosh"]
[Result "1/2-1/2"]
[WhiteCountry "NED"]
[BlackCountry "ITA"]
[WhiteElo "2255"]
[WhiteRD "83"]
[BlackElo "2525"]
[BlackRD "62"]
[GameID "143237"]

1. Nf3 Nf6 2. c4 e6 3. d4 b6 4. Nc3 Bb7 5. a3 d5 6. cxd5 Nxd5 7. e3 Be7 8. Bb5+ c6 9. Bd3 O-O 10. e4 Nxc3
11. bxc3 c5 12. O-O Nc6 13. Be3 Na5 14. dxc5 Nb3 15. c6 Bxc6 16. Nd4 Nxd4 17. cxd4 Rc8 18. Qb3 h6 19. Ba6 Rc7 20. Qd3 f5
21. f3 Qd6 22. Rfc1 fxe4 23. fxe4 Bg5 24. Bxg5 hxg5 25. d5 exd5 26. exd5 Bd7 27. Rxc7 Qxc7 28. d6 Qc5+ 29. Kh1 Rf4 30. Rd1 Qc6
31. Qb3+ Kh8 32. h3 b5 33. Qxb5 Qxb5 34. Bxb5 Bxb5 35. d7 Bxd7 36. Rxd7 Ra4 37. Rd3= g4 38. Kg1 Kh7 39. Kf2 gxh3 40. gxh3 Kg6
41. Rf3 Kg5 42. Rg3+ Kh6=
1/2-1/2

[Event "EUROPA CUP1----2008"]
[Site "SchemingMind.com"]
[Date "2008.02.24"]
[Round "-"]
[White "Konan_Kaddosh"]
[Black "Orange Lion"]
[Result "1-0"]
[WhiteCountry "ITA"]
[BlackCountry "NED"]
[WhiteElo "2559"]
[WhiteRD "66"]
[BlackElo "2267"]
[BlackRD "90"]
[GameID "143245"]

1. e4 e6 2. d4 d5 3. Nc3 Bb4 4. e5 c5 5. a3 Bxc3+ 6. bxc3 Ne7 7. Nf3 Qa5 8. Bd2 Nbc6 9. a4 Bd7 10. Be2 f6
11. c4 Qc7 12. cxd5 Nxd5 13. c4 Nde7 14. exf6 gxf6 15. dxc5 e5 16. a5 Rg8 17. O-O O-O-O 18. a6 Bh3 19. Ne1 Nd4 20. Bd3 Bf5
21. Ba5 b6 22. cxb6 axb6 23. Bb4 Nec6 24. a7 Kb7 25. Bxf5 Nxf5 26. Qb1 Ncd4 27. c5 Qc6 28. f3 b5 29. Ra3 Ka8 30. Rf2 Rg7
31. Kh1 Qe6 32. Ba5 Rdd7 33. Bb6 Ne7 34. Nc2 Nxc2 35. Rxc2 Nc6 36. Ra1 b4 37. Qc1 Rd4 38. Qh6 Qd7 39. Re1 f5 40. h3 Re7
41. Qf6 Re8 42. Rb2 f4 43. Rbe2 b3 44. Rb2 Rd3 45. Rf1 Rg8 46. Kh2 Rc8 47. Rff2 Kb7 48. Rfe2 Re8 49. Re1 Ka8 50. Reb1 Rg8
51. Qh6 Rd5 52. Rf1 Rd3= 53. Rc1 Rc8 54. Rcb1 Qf7 55. Re1 Rd7 56. Kh1 Kb7 57. Qh4 Rd3 58. Qf2 Qd5 59. Rf1 Rg8 60. Qh4 Qf7
61. Qe1 Qg6 62. Qe2 Ka8 63. Bc7 Rg7 64. Bd6 Rb7 65. Rc1 h5 66. Rcb1 h4 67. Qf1 Rc3 68. Qa6 Qe8 69. Rd2 e4 70. Qa1 Rc4
71. fxe4 Rxe4 72. Rf2 Nd4 73. Qc3 Nb5 74. Qc1 Nd4 75. Rxf4 b2 76. Qd2 Rxf4 77. Qxf4 Nc6 78. Bc7 Rb4 79. Qf6 Qd7 80. Bf4 Qb7
81. Bd2 Rb3 82. Bc3 Qb5 83. Qf8+ Kxa7 84. Bxb2 Na5 85. Rf1 Rxb2 86. Qg7+ Ka6 87. Rf6+
1-0

[Event "EUROPA CUP1----2008"]
[Site "SchemingMind.com"]
[Date "2008.03.01"]
[Round "-"]
[White "frank_velbrati"]
[Black "Dan Geana"]
[Result "0-1"]
[WhiteCountry "GER"]
[BlackCountry "ROU"]
[WhiteElo "1802"]
[WhiteRD "130"]
[BlackElo "2334"]
[BlackRD "106"]
[GameID "143455"]

1. e4 c5 2. Nf3 d6 3. d3 Nc6 4. g3 g6 5. Bg2 Bg7 6. O-O Nf6 7. Nc3 O-O 8. h3 Rb8 9. a4 a6 10. d4 cxd4
11. Nxd4 Nxe4 12. Nxe4 Nxd4 13. c3 Nf5 14. Qe2 Qc7 15. Re1 Bd7 16. Bf4 e5 17. Bg5 f6 18. Be3 Nxe3 19. Qxe3 f5 20. Nd2 Kh8
21. Red1 Be6 22. Nf1 f4 23. Qd2 f3 24. Bh1 d5 25. h4 Rbd8 26. Ne3 d4 27. cxd4 exd4 28. Nc2 Be5
0-1

[Event "EUROPA CUP1----2008"]
[Site "SchemingMind.com"]
[Date "2008.03.01"]
[Round "-"]
[White "Mightyking"]
[Black "Louis Lima"]
[Result "1-0"]
[WhiteCountry "NED"]
[BlackCountry "ESP"]
[WhiteElo "1877"]
[WhiteRD "168"]
[BlackElo "1597"]
[BlackRD "68"]
[GameID "143459"]

1. e4 c5 2. Nf3 g6 3. d4 cxd4 4. Nxd4 Nc6 5. c4 Nf6 6. Nc3 Nxd4 7. Qxd4 Bg7 8. e5 Ng8 9. Bf4 Nh6 10. Be2 Nf5
11. Qe4
1-0

[Event "EUROPA CUP1----2008"]
[Site "SchemingMind.com"]
[Date "2008.03.01"]
[Round "-"]
[White "Dan Geana"]
[Black "frank_velbrati"]
[Result "1-0"]
[WhiteCountry "ROU"]
[BlackCountry "GER"]
[WhiteElo "2327"]
[WhiteRD "103"]
[BlackElo "1698"]
[BlackRD "142"]
[GameID "143461"]

1. Nf3 f5 2. g3 Nf6 3. Bg2 e6 4. c4 Be7 5. O-O O-O 6. d4 d5 7. b3 c6 8. Ba3 Nbd7 9. Bxe7 Qxe7 10. Nbd2 Ne4
11. Qc2 Ndf6 12. Ne5 Nxd2 13. Qxd2 Ne4 14. Bxe4 fxe4 15. c5 Bd7 16. f3 exf3 17. Rxf3 Rxf3 18. exf3 Rf8 19. Re1 b6 20. Rc1 b5
21. Ra1 Be8 22. a4
1-0

[Event "EUROPA CUP1----2008"]
[Site "SchemingMind.com"]
[Date "2008.02.27"]
[Round "-"]
[White "jtrochez1"]
[Black "friggo"]
[Result "0-1"]
[WhiteCountry "HON"]
[BlackCountry "SWE"]
[WhiteElo "1455"]
[WhiteRD "54"]
[BlackElo "1687"]
[BlackRD "88"]
[GameID "143577"]

1. e4 e5 2. Nf3 d6 3. Bc4 h6 4. h3 Nf6 5. Nc3 Be7 6. d3 O-O 7. Be3 Nc6 8. Qd2 Be6 9. Bxe6 fxe6 10. a3 a6
11. g4 Nh7 12. h4 Rxf3 13. O-O-O Bxh4 14. Rdf1 Qf6 15. Rh2 Rxe3 16. Qxe3 Bg5 17. f4 Bxf4 18. Rxf4 Qxf4 19. Qxf4 exf4 20. Rf2 g5
21. Rh2 Rf8 22. Kd1 Kg7 23. Rf2 Nd4 24. Ne2 Nxe2 25. Kxe2 e5 26. Kf3 Nf6 27. b4 h5 28. gxh5 g4+ 29. Ke2 Nxh5 30. c4 Kg6
31. Ke1 g3 32. Rf3 Kg5 33. Kf1 Kg4 34. Kg2 Nf6 35. a4 Rh8 36. a5 Rh2+
0-1

[Event "EUROPA CUP1----2008"]
[Site "SchemingMind.com"]
[Date "2008.02.27"]
[Round "-"]
[White "friggo"]
[Black "jtrochez1"]
[Result "1-0"]
[WhiteCountry "SWE"]
[BlackCountry "HON"]
[WhiteElo "1691"]
[WhiteRD "88"]
[BlackElo "1488"]
[BlackRD "57"]
[GameID "143586"]

1. d4 d5 2. c4 e6 3. cxd5 exd5 4. e3 Nf6 5. Nc3 Bb4 6. Bd2 Bxc3 7. Bxc3 Ne4 8. Nf3 Nxc3 9. bxc3 O-O 10. Bd3 Bg4
11. Be2 c6 12. O-O Nd7 13. h3 Bh5 14. Ne5 Bxe2 15. Qxe2 Nf6 16. Ng4 Nxg4 17. Qxg4 Qd6 18. f4 f5 19. Qg5 h6 20. Qh5 Rf6
21. Rf3 Qd8 22. Rg3 Qe7 23. Rg6 Rxg6 24. Qxg6 Qf7 25. Qxf7+ Kxf7 26. Kf2 Kf6 27. Kf3 Rg8 28. a4 b6 29. Rb1 g5 30. Rb4 g4+
31. hxg4 Rxg4 32. g3 h5 33. Rb2 Rg7 34. Rc2 Ke6 35. c4 Kd6 36. cxd5 Kxd5 37. Rb2 Kc4 38. Rh2 Rh7 39. Rc2+ Kb4 40. Rxc6 Kxa4
41. d5 Kb5 42. Rf6 Kc5 43. Rxf5 a5 44. e4 b5 45. d6+ Kxd6 46. Rxb5 a4 47. Ra5 Rb7 48. Rxa4 Rb3+ 49. Kg2 Re3 50. Kh3 Kc5
51. Ra5+ Kd4 52. Ra4+ Kc5 53. e5 Kd5 54. Kh4 Ke6 55. Kxh5 Rxg3 56. Ra6+ Kf5 57. Rf6+ Ke4 58. e6 Rg8 59. f5 Kf4 60. Kh6 Ke5
61. Rf7 Rb8 62. e7 Re8 63. Kg7 Kd6 64. f6
1-0

[Event "EUROPA CUP1----2008"]
[Site "SchemingMind.com"]
[Date "2008.03.31"]
[Round "-"]
[White "Mightyking"]
[Black "MARISCAL"]
[Result "0-1"]
[WhiteCountry "NED"]
[BlackCountry "ESP"]
[WhiteElo "1768"]
[WhiteRD "156"]
[BlackElo "2315"]
[BlackRD "89"]
[GameID "148219"]

1. e4 e6 2. d3 d5 3. Nd2 c5 4. Ngf3 Nc6 5. g3 Nge7 6. Bg2 g6 7. O-O Bg7 8. c3 b6 9. Re1 a5 10. a4 Ra7
11. exd5 Nxd5 12. Nc4 O-O 13. Bg5 f6 14. Bd2 e5 15. Qb3 Kh8
0-1

[Event "EUROPA CUP1----2008"]
[Site "SchemingMind.com"]
[Date "2008.03.30"]
[Round "-"]
[White "MARISCAL"]
[Black "Mightyking"]
[Result "1-0"]
[WhiteCountry "ESP"]
[BlackCountry "NED"]
[WhiteElo "2315"]
[WhiteRD "89"]
[BlackElo "1768"]
[BlackRD "156"]
[GameID "148225"]

1. e4 c5 2. c3 d5 3. exd5 Qxd5 4. d4 e6 5. Na3 Nf6 6. Nb5 Na6 7. Be3 cxd4 8. Qxd4 Be7 9. Nf3 O-O 10. Nxa7 Bd7
11. Qxd5 Nxd5 12. Bb5 Nb8 13. Bxd7 Nxd7 14. Nb5 Ra5 15. Nbd4 Rfa8 16. a3
1-0

[Event "EUROPA CUP1----2008"]
[Site "SchemingMind.com"]
[Date "2008.04.04"]
[Round "-"]
[White "Sjakkie"]
[Black "Joe Daudish"]
[Result "0-1"]
[WhiteCountry "NED"]
[BlackCountry "USA"]
[WhiteElo "1400"]
[WhiteRD "83"]
[BlackElo "1758"]
[BlackRD "44"]
[GameID "148571"]

1. e4 e6 2. Nf3 d5 3. e5 Ne7 4. d4 Ng6 5. c3 Be7 6. Qd3 a6 7. Be2 c5 8. O-O c4 9. Qd1 Bd7 10. h3 Nc6
11. b3 b5 12. Na3 cxb3 13. axb3 Na5 14. Bd3 O-O 15. Bd2 Qc7 16. b4 Nc4 17. Nxc4 bxc4 18. Bc2 a5 19. Ng5 axb4 20. cxb4 Qb6
21. Bc3 Bxg5 22. Qh5 Be7 23. f4 Rxa1 24. Rxa1 Rb8 25. f5 exf5 26. Bxf5 Bxf5 27. Qxf5 Nf8 28. Rf1 Qe6 29. Qh5 Qg6 30. Qf3 Bxb4
31. Rc1 Bxc3 32. Rxc3 Qe4 33. Qg3 Qxd4+ 34. Kh1 Ng6 35. e6 Rb1+ 36. Kh2 Qg1#
0-1

[Event "EUROPA CUP1----2008"]
[Site "SchemingMind.com"]
[Date "2008.04.01"]
[Round "-"]
[White "z"]
[Black "the-best"]
[Result "0-1"]
[WhiteCountry "IRQ"]
[BlackCountry "SWE"]
[WhiteElo "1825"]
[WhiteRD "51"]
[BlackElo "2246"]
[BlackRD "135"]
[GameID "148572"]

1. b4 e5 2. Bb2 Bxb4 3. Bxe5 Nf6 4. a3 Ba5 5. e3 O-O 6. Nf3 Nc6= 7. Bb2 d5 8. Be2 Qd6 9. O-O Bf5 10. d3 h6
11. Nbd2 Bb6 12. c4 d4= 13. e4 Be6 14. Qc2 a5 15. Ne1 Nd7 16. f4 Nc5 17. g4 Bd7 18. Ng2 Qe7 19. Kh1 Ba7 20. Qd1 Rfb8
21. Qe1 Na4 22. Bc1 Nc3 23. Nf3 Bxg4 24. Ng1 Nxe2 25. Nxe2 b5 26. cxb5 Rxb5 27. Ng1 Qc5 28. Qg3 Qc3 29. Ra2 h5= 30. h3 Be6
31. Raf2 f5 32. Nh4 Re8= 33. Rg2 Re7 34. Ne2 Qb3 35. Nxf5 Rxf5 36. exf5 Bxf5 37. Qf3 Qxd3 38. Ng3 Qxf3 39. Rxf3 Bxh3 40. Rc2 Bd7
41. Nxh5 Bf5 42. Nf6+ gxf6 43. Rg3+ Kf8 44. Rc4 Re2 45. Kg1 d3+ 46. Kf1 Rh2= 47. Be3 Bxe3 48. Rxe3 d2
0-1

[Event "EUROPA CUP1----2008"]
[Site "SchemingMind.com"]
[Date "2008.04.01"]
[Round "-"]
[White "Peacemaker"]
[Black "dtedesco"]
[Result "1-0"]
[WhiteCountry "GER"]
[BlackCountry "CAN"]
[WhiteElo "2338"]
[WhiteRD "80"]
[BlackElo "1471"]
[BlackRD "57"]
[GameID "148573"]

1. e4 c5 2. Nf3 d6 3. d4 cxd4 4. Nxd4 Nf6 5. Nc3 g6 6. Be2 Bg7 7. O-O a6 8. a4 Nc6 9. Be3 O-O 10. f4 b6
11. Nxc6 Qc7 12. e5 Qxc6 13. Bf3 Qd7 14. exf6 Rb8 15. fxg7 Kxg7 16. Nd5 Qe6 17. Bd4+ Kg8 18. Re1 Qd7 19. Rxe7 Qf5 20. Qe1 Bd7
21. Qh4 Rb7 22. Nf6+
1-0

[Event "EUROPA CUP1----2008"]
[Site "SchemingMind.com"]
[Date "2008.04.04"]
[Round "-"]
[White "Joe Daudish"]
[Black "Sjakkie"]
[Result "1-0"]
[WhiteCountry "USA"]
[BlackCountry "NED"]
[WhiteElo "1758"]
[WhiteRD "44"]
[BlackElo "1400"]
[BlackRD "83"]
[GameID "148581"]

1. d4 d5 2. Nf3 h6 3. Bf4 e6 4. e3 a6 5. Bd3 Bd6 6. Bxd6 cxd6 7. Nbd2 Nf6 8. O-O O-O 9. c3 Bd7 10. e4 Nc6
11. Re1 Nh7 12. e5 dxe5 13. Nxe5 Nxe5 14. Rxe5 Nf6 15. h3 Bc6 16. Nf3 Nh5 17. Rxh5 Qd6 18. Re5 b5 19. a3 f6 20. Re3 Rfe8
21. Bc2 Rab8 22. Qd3 f5 23. Rae1 Bd7 24. Ne5 Bc8 25. Qe2 f4 26. Rf3 Qf8 27. Qd3 Qf5 28. Qxf5 exf5 29. Rxf4 Rf8 30. Nc6 Rb7
31. Ne7+ Kh7 32. Nxc8 h5 33. Nd6 Rbb8 34. Rxf5
1-0

[Event "EUROPA CUP1----2008"]
[Site "SchemingMind.com"]
[Date "2008.04.01"]
[Round "-"]
[White "the-best"]
[Black "z"]
[Result "1-0"]
[WhiteCountry "SWE"]
[BlackCountry "IRQ"]
[WhiteElo "2247"]
[WhiteRD "143"]
[BlackElo "1796"]
[BlackRD "55"]
[GameID "148582"]

1. e4 a6 2. d4 b5 3. Nf3 e6 4. Bd3 c5 5. a4 bxa4 6. d5 d6 7. Nc3 Nf6 8. O-O Be7 9. dxe6 fxe6 10. e5 dxe5
11. Nxe5 a3 12. Qf3 Ra7 13. Rxa3 O-O 14. Rd1 Qe8 15. Rb3 Bd7 16. Bc4 Nd5 17. Qe4 Nxc3 18. Rxc3 Bc6 19. Bxe6+ Kh8 20. Qxh7+
1-0

[Event "EUROPA CUP1----2008"]
[Site "SchemingMind.com"]
[Date "2008.04.02"]
[Round "-"]
[White "dtedesco"]
[Black "Peacemaker"]
[Result "0-1"]
[WhiteCountry "CAN"]
[BlackCountry "GER"]
[WhiteElo "1470"]
[WhiteRD "56"]
[BlackElo "2340"]
[BlackRD "81"]
[GameID "148583"]

1. e4 c5 2. Nf3 Nc6 3. d4 cxd4 4. Nxd4 Nf6 5. Nc3 d6 6. Bf4 Nxd4 7. Qxd4 e5 8. Qa4+ Bd7 9. Bb5 exf4 10. O-O-O a6
11. Bxd7+ Nxd7 12. e5 dxe5 13. Rhe1 f6 14. Qc4 Rc8 15. Qa4 Rc6 16. Rd3 Qe7 17. Nd5 Qc5 18. c3 Qxf2 19. Red1 Nc5 20. Nc7+ Ke7
21. Nd5+ Kf7 22. Qc4 b5 23. Qd4 exd4
0-1